| 000 | 01042cam a2200289 u 4500 | ||
|---|---|---|---|
| 003 | UPN | ||
| 005 | 20230510063808.0 | ||
| 008 | 190328s2012 mx aob br 000 0 spa d | ||
| 020 | _a9786074699982 | ||
| 035 | _aUPN01000229835 | ||
| 040 |
_aMX-MxUPN _bspa |
||
| 050 | 4 |
_aLB1582 M63 _bA4 2012 |
|
| 100 | 1 |
_948845 _aGonzález Gámez, Magdalena |
|
| 100 | 1 |
_948847 _aRajchenberg Snajer, Enrique |
|
| 100 | 1 |
_948848 _aReyes Rodríguez, Andrés |
|
| 100 | 1 |
_948849 _aZurián, Carla |
|
| 100 | 1 |
_948850 _aSolache, Graciela |
|
| 245 | 1 | 0 |
_aAguascalientes : _bla entidad donde vivo : 3 grado |
| 260 |
_aMéxico, D.F. : _bSecretaría de Educación Pública, Dirección General de Materiales Educativos, _c2012 |
||
| 300 |
_a160 páginas : _bilustraciones a color, fotografías, mapas |
||
| 650 | 7 |
_914611 _aEducación primaria _vLibros de texto |
|
| 651 | 7 |
_aAguascalientes _xHistoria _2 _91931 |
|
| 651 | 7 |
_aAguascalientes _xDescripción y viajes _2 _91915 |
|
| 902 | _bVíctorGodínez/090523 | ||
| 942 |
_2lcc _cLIBRO |
||
| 999 |
_c201930 _d201930 |
||